[Event "GBR-ch110 Major Open"]
[Site "Hull"]
[Date "2024.07.29"]
[Round "3.28"]
[White "Usifoh, Kristian C"]
[Black "Kumar, Arnav"]
[Result "1-0"]
[WhiteElo "1963"]
[BlackElo "1803"]
[PlyCount "125"]
[EventDate "2024.07.27"]
[EventType "swiss"]
[EventRounds "9"]
[EventCountry "GBR"]
[SourceTitle "BritBase"]
[Source "John Saunders"]
[SourceDate "2025.02.20"]
[SourceVersion "1"]
[SourceVersionDate "2025.02.20"]
[SourceQuality "1"]

1. c4 e6 2. Nf3 Nf6 3. Nc3 d5 4. e3 Be7 5. b3 c5 6. Bb2 Nc6 7. cxd5 exd5 8. d4 cxd4 9. Nxd4 O-O 10. Be2 Nxd4 11. Qxd4 Be6 12. O-O Qb6 13. Qxb6 axb6 14. Na4 Nd7 15. Bb5 Ra5 16. Bxd7 Bxd7 17. Nxb6 Bc6 18. Rfd1 Rb5 19. Na4 Ra8 20. Nc3 Rba5 21. Rab1 Bb4 22. Na4 Bxa4 23. bxa4 Rxa4 24. Rxd5 Rxa2 25. g3 h6 26. Bxg7 Be1 27. Rxe1 Kxg7 28. Rb1 Ra1 29. Rdb5 Rxb1+ 30. Rxb1 Rb8 31. Rb6 Kf8 32. Rxh6 Ke7 33. Rb6 Kd7 34. Kf1 Kc7 35. Rb4 b5 36. Ke2 Kc6 37. Kd3 Kc5 38. Kc3 Ra8 39. Rf4 Ra3+ 40. Kb2 b4 41. h4 Rd3 42. Rxf7 Rd1 43. Rf4 Rh1 44. Kc2 Rh2 45. Kb3 Rh1 46. Rf5+ Kd6 47. Kxb4 Ke6 48. Rf4 Ke5 49. Kc3 Rc1+ 50. Kd2 Ra1 51. h5 Ra2+ 52. Kd3 Ra3+ 53. Ke2 Ra1 54. g4 Rg1 55. Rf5+ Ke6 56. Kf3 Rh1 57. Kf4 Rh2 58. Kg5 Rh1 59. h6 Rh2 60. Kg6 Rh1 61. h7 Rh2 62. Rh5 Rh1 63. Rxh1 1-0

[Event "GBR-ch110 Major Open"]
[Site "Hull"]
[Date "2024.07.29"]
[Round "3.29"]
[White "Watkinson, Colin"]
[Black "Pick, Freddie"]
[Result "0-1"]
[WhiteElo "1791"]
[BlackElo "1955"]
[PlyCount "88"]
[EventDate "2024.07.27"]
[EventType "swiss"]
[EventRounds "9"]
[EventCountry "GBR"]
[SourceTitle "BritBase"]
[Source "John Saunders"]
[SourceDate "2025.02.20"]
[SourceVersion "1"]
[SourceVersionDate "2025.02.20"]
[SourceQuality "1"]

1. e4 c5 2. d4 cxd4 3. c3 d5 4. cxd4 dxe4 5. Nc3 Nf6 6. Be3 Bf5 7. Bc4 e6 8. Nge2 Be7 9. Qa4+ Nbd7 10. d5 exd5 11. Nxd5 O-O 12. Rd1 Nxd5 13. Bxd5 Qc7 14. Bxe4 Nb6 15. Rc1 Qxc1+ 16. Nxc1 Nxa4 17. Bxf5 Nxb2 18. O-O Nc4 19. Bf4 Bd6 20. Nd3 Bxf4 21. Nxf4 g6 22. Bd3 Nb6 23. h4 Rad8 24. Rc1 Rd4 25. g3 Rfd8 26. Bf1 Rd2 27. Rc7 R8d7 28. Rxd7 Nxd7 29. a4 Nc5 30. a5 Rd1 31. Kg2 Ra1 32. Nd5 Rxa5 33. Ne7+ Kf8 34. Nc8 b5 35. Bxb5 Rxb5 36. Nxa7 Rb2 37. Kf3 Rb3+ 38. Kg4 Ke7 39. Nc6+ Kd6 40. Nd8 f5+ 41. Kh3 Ne4 42. Nf7+ Ke6 43. Ng5+ Nxg5+ 44. hxg5 f4 0-1

[Event "GBR-ch110 Major Open"]
[Site "Hull"]
[Date "2024.07.29"]
[Round "3.30"]
[White "Davis, Cameron"]
[Black "Rich, Aaron"]
[Result "1/2-1/2"]
[WhiteElo "1946"]
[BlackElo "1799"]
[PlyCount "131"]
[EventDate "2024.07.27"]
[EventType "swiss"]
[EventRounds "9"]
[EventCountry "GBR"]
[SourceTitle "BritBase"]
[Source "John Saunders"]
[SourceDate "2025.02.20"]
[SourceVersion "1"]
[SourceVersionDate "2025.02.20"]
[SourceQuality "1"]

1. d4 f5 2. f3 e6 3. Nc3 Bb4 4. Nh3 b6 5. Bg5 Be7 6. Qd2 Bb7 7. e4 Bxg5 8. Nxg5 Ne7 9. O-O-O h6 10. Nh3 O-O 11. Rg1 Ng6 12. Be2 fxe4 13. fxe4 Qh4 14. Rdf1 Nc6 15. Qe3 a6 16. a3 b5 17. Bd3 Nce7 18. Ne2 Rxf1+ 19. Rxf1 Rf8 20. Rxf8+ Kxf8 21. Kd2 Qg4 22. Qf2+ Kg8 23. Qf3 Qxf3 24. gxf3 e5 25. Ke3 d6 26. c4 Bc8 27. Nf2 c6 28. f4 exf4+ 29. Nxf4 Nxf4 30. Kxf4 g5+ 31. Ke3 Kf7 32. cxb5 cxb5 33. Be2 Nc6 34. Bh5+ Kf6 35. b4 a5 36. Be8 axb4 37. axb4 Nxb4 38. Bxb5 h5 39. Be8 h4 40. Bh5 Ba6 41. Bd1 Bb5 42. Ng4+ Kg6 43. Nf2 Bd7 44. Kd2 Nc6 45. Kc3 Nd8 46. Kc4 Be6+ 47. Kb5 Nf7 48. Kc6 Kf6 49. h3 Ke7 50. Bf3 Nd8+ 51. Kb6 Bd7 52. d5 Nf7 53. Be2 Ne5 54. Kc7 Ng6 55. Bg4 Bb5 56. Bf5 Nf4 57. Bg4 Bf1 58. Bf5 Bg2 59. Bg4 Ng6 60. Bf5 Ne5 61. Be6 Bf3 62. Bf5 Bg2 63. Be6 Ng6 64. Bg4 Nf4 65. Bf5 Bf3 66. Bd7 1/2-1/2

[Event "GBR-ch110 Major Open"]
[Site "Hull"]
[Date "2024.07.29"]
[Round "3.31"]
[White "Lebedev, Lion"]
[Black "Whittington, Reece W"]
[Result "1-0"]
[WhiteElo "1941"]
[BlackElo "1793"]
[PlyCount "63"]
[EventDate "2024.07.27"]
[EventType "swiss"]
[EventRounds "9"]
[EventCountry "GBR"]
[SourceTitle "BritBase"]
[Source "John Saunders"]
[SourceDate "2025.02.20"]
[SourceVersion "1"]
[SourceVersionDate "2025.02.20"]
[SourceQuality "1"]

1. d4 Nf6 2. c4 e6 3. Nf3 d5 4. g3 Bb4+ 5. Bd2 Be7 6. Bg2 O-O 7. Qc2 Nbd7 8. O-O b6 9. cxd5 exd5 10. Bf4 c5 11. Rd1 Bb7 12. Nc3 Rc8 13. Rac1 Ne4 14. Qa4 cxd4 15. Nxe4 dxe4 16. Rxc8 Qxc8 17. Nxd4 Nf6 18. Rc1 Qa8 19. Nf5 Bc5 20. b4 Bc6 21. Qa3 Bd7 22. bxc5 Bxf5 23. c6 Re8 24. Qd6 Qc8 25. c7 Bd7 26. Rd1 Re6 27. Qd4 Rc6 28. Be5 Rxc7 29. Bxc7 Qxc7 30. Bxe4 Qc5 31. Qxc5 bxc5 32. Bf5 1-0

[Event "GBR-ch110 Major Open"]
[Site "Hull"]
[Date "2024.07.29"]
[Round "3.32"]
[White "Varley, Joe"]
[Black "Roul, Tushar"]
[Result "1-0"]
[WhiteElo "1935"]
[BlackElo "1783"]
[PlyCount "97"]
[EventDate "2024.07.27"]
[EventType "swiss"]
[EventRounds "9"]
[EventCountry "GBR"]
[SourceTitle "BritBase"]
[Source "John Saunders"]
[SourceDate "2025.02.20"]
[SourceVersion "1"]
[SourceVersionDate "2025.02.20"]
[SourceQuality "1"]

1. e4 c5 2. Nf3 e6 3. d4 cxd4 4. Nxd4 Nc6 5. Be3 Qc7 6. Be2 a6 7. O-O b5 8. c3 Bb7 9. Nd2 Nf6 10. Rc1 Be7 11. f4 d6 12. a4 Nxd4 13. cxd4 Qd7 14. axb5 axb5 15. Qb3 Ba6 16. Ra1 O-O 17. Ra2 Qc7 18. Rfa1 Bb7 19. Rxa8 Rxa8 20. Rxa8+ Bxa8 21. Bf3 Bc6 22. Qc2 Qb7 23. Bf2 d5 24. e5 Nd7 25. f5 exf5 26. Qxf5 Nf8 27. Be2 b4 28. Qd3 g6 29. Nb3 Ba4 30. Be3 h5 31. Bf3 Bb5 32. Qc2 Ne6 33. g3 Ba4 34. Qd3 Bb5 35. Qd2 Bc4 36. Nc1 b3 37. Nd3 Qb5 38. Nf4 Bb4 39. Qg2 Nxf4 40. gxf4 Qa5 41. h3 Qa1+ 42. Kh2 Kh7 43. f5 Ba3 44. bxa3 b2 45. Qg5 Qxa3 46. fxg6+ fxg6 47. Qh6+ Kg8 48. Qxg6+ Kh8 49. Bg5 1-0

[Event "GBR-ch110 Major Open"]
[Site "Hull"]
[Date "2024.07.29"]
[Round "3.33"]
[White "Carmichael, Ned"]
[Black "Sinclair, Colin"]
[Result "1/2-1/2"]
[WhiteElo "1924"]
[BlackElo "1783"]
[PlyCount "71"]
[EventDate "2024.07.27"]
[EventType "swiss"]
[EventRounds "9"]
[EventCountry "GBR"]
[SourceTitle "BritBase"]
[Source "John Saunders"]
[SourceDate "2025.02.20"]
[SourceVersion "1"]
[SourceVersionDate "2025.02.20"]
[SourceQuality "1"]

1. c4 g6 2. Nf3 Bg7 3. d4 c5 4. e4 b6 5. Nc3 d6 6. Be3 e6 7. Be2 Ne7 8. O-O a6 9. dxc5 bxc5 10. e5 Nf5 11. exd6 Nxe3 12. fxe3 Bb7 13. Qd3 Nd7 14. Rab1 O-O 15. a3 Qa5 16. Ng5 Rab8 17. Nge4 Bxe4 18. Qxe4 Bxc3 19. bxc3 Rxb1 20. Rxb1 Qxc3 21. Qd3 Qe5 22. Bf3 Rd8 23. Rb7 Qa1+ 24. Rb1 Qf6 25. Qe4 Ne5 26. Rd1 Nxf3+ 27. gxf3 Qc3 28. Qd3 Qf6 29. Qe4 Qc3 30. Qd3 Qf6 31. e4 Qg5+ 32. Kf2 Qf4 33. Kg1 Qg5+ 34. Kf1 Qf4 35. Kg1 Qg5+ 36. Kf1 1/2-1/2

[Event "GBR-ch110 Major Open"]
[Site "Hull"]
[Date "2024.07.29"]
[Round "3.34"]
[White "McLean, Rory R"]
[Black "Izod, Chris"]
[Result "0-1"]
[WhiteElo "1768"]
[BlackElo "1924"]
[PlyCount "56"]
[EventDate "2024.07.27"]
[EventType "swiss"]
[EventRounds "9"]
[EventCountry "GBR"]
[SourceTitle "BritBase"]
[Source "John Saunders"]
[SourceDate "2025.02.20"]
[SourceVersion "1"]
[SourceVersionDate "2025.02.20"]
[SourceQuality "1"]

1. d4 Nf6 2. c4 e6 3. Nc3 d5 4. cxd5 exd5 5. Bg5 Be7 6. e3 c6 7. Bd3 O-O 8. Qc2 Nbd7 9. Nf3 Re8 10. O-O Nf8 11. Rab1 a5 12. a3 Ne4 13. Bxe7 Qxe7 14. Na4 Ng6 15. Nb6 Rb8 16. Nd2 Nh4 17. Nb3 Bh3 18. Bxe4 dxe4 19. g3 Nf3+ 20. Kh1 Rbd8 21. Rfd1 Qf6 22. d5 c5 23. Nc4 Qh6 24. d6 Nxh2 25. d7 Nf3 26. dxe8=Q+ Rxe8 27. Rd6 Be6+ 28. Kg2 Qh3# 0-1

[Event "GBR-ch110 Major Open"]
[Site "Hull"]
[Date "2024.07.29"]
[Round "3.35"]
[White "Leung, Hao Ran"]
[Black "Mittal, Aditya"]
[Result "1-0"]
[WhiteElo "1910"]
[BlackElo "1768"]
[PlyCount "107"]
[EventDate "2024.07.27"]
[EventType "swiss"]
[EventRounds "9"]
[EventCountry "GBR"]
[SourceTitle "BritBase"]
[Source "John Saunders"]
[SourceDate "2025.02.20"]
[SourceVersion "1"]
[SourceVersionDate "2025.02.20"]
[SourceQuality "1"]

1. c4 c5 2. Nf3 Nf6 3. d4 cxd4 4. Nxd4 g6 5. Nc3 d5 6. cxd5 Nxd5 7. Ndb5 Nxc3 8. Qxd8+ Kxd8 9. Nxc3 Bg7 10. g3 Bd7 11. Bg2 Bc6 12. e4 Nd7 13. O-O Rc8 14. Be3 Bxc3 15. bxc3 Kc7 16. f4 f6 17. c4 Kb8 18. c5 Bb5 19. Rfb1 Ba6 20. Rc1 Rc7 21. Rc3 Rhc8 22. Rac1 Bb5 23. Bh3 Bc6 24. Rd1 Re8 25. Rcd3 e6 26. f5 gxf5 27. exf5 e5 28. Bg2 Ba4 29. R1d2 Kc8 30. Ra3 Bc6 31. Rxa7 Kb8 32. Ra5 Bxg2 33. Kxg2 e4 34. Rd6 h5 35. Bf4 Ne5 36. Rxf6 e3 37. Re6 Rxe6 38. fxe6 e2 39. Kf2 Nd3+ 40. Kxe2 Nxf4+ 41. gxf4 Re7 42. f5 Kc7 43. Ke3 Rg7 44. Ra8 Re7 45. Ke4 b5 46. Ra7+ Kd8 47. Rxe7 Kxe7 48. Ke5 h4 49. f6+ Ke8 50. c6 Kd8 51. Kd6 b4 52. e7+ Ke8 53. Ke6 b3 54. f7# 1-0

[Event "GBR-ch110 Major Open"]
[Site "Hull"]
[Date "2024.07.29"]
[Round "3.36"]
[White "Borissow, Magnus"]
[Black "Pattni, Kishan"]
[Result "1-0"]
[WhiteElo "1906"]
[BlackElo "1746"]
[PlyCount "101"]
[EventDate "2024.07.27"]
[EventType "swiss"]
[EventRounds "9"]
[EventCountry "GBR"]
[SourceTitle "BritBase"]
[Source "John Saunders"]
[SourceDate "2025.02.20"]
[SourceVersion "1"]
[SourceVersionDate "2025.02.20"]
[SourceQuality "1"]

1. Nf3 c5 2. g3 Nc6 3. Bg2 g6 4. O-O Bg7 5. c4 Nf6 6. d4 cxd4 7. Nxd4 O-O 8. Nc3 Nxd4 9. Qxd4 d6 10. b3 Ng4 11. Qd2 Qa5 12. Bb2 Qh5 13. h3 Ne5 14. Nd5 Nc6 15. Bxg7 Kxg7 16. Qc3+ Qe5 17. Qxe5+ dxe5 18. Rfd1 Rb8 19. Rd2 f5 20. e3 e4 21. Rad1 Kf7 22. Bf1 Ne5 23. Be2 Be6 24. Nf4 Kf6 25. Nxe6 Kxe6 26. Kg2 a5 27. Rd5 b6 28. Rb5 Rfc8 29. Rdd5 Nd7 30. a3 Rc5 31. b4 Rxd5 32. cxd5+ Kd6 33. bxa5 bxa5 34. Rxa5 Nb6 35. Rb5 Kc7 36. Rc5+ Kd6 37. Rb5 Nd7 38. Rxb8 Nxb8 39. Bb5 Kxd5 40. g4 fxg4 41. hxg4 g5 42. Kf1 Kc5 43. a4 Nc6 44. Bxc6 Kxc6 45. Ke2 Kc5 46. f3 Kb4 47. fxe4 Kxa4 48. Kd3 Kb5 49. Kd4 h5 50. gxh5 g4 51. Kd3 1-0

[Event "GBR-ch110 Major Open"]
[Site "Hull"]
[Date "2024.07.29"]
[Round "3.37"]
[White "Brencher, Paul"]
[Black "Walia, Michael Kanishk"]
[Result "1-0"]
[WhiteElo "1899"]
[BlackElo "1682"]
[PlyCount "91"]
[EventDate "2024.07.27"]
[EventType "swiss"]
[EventRounds "9"]
[EventCountry "GBR"]
[SourceTitle "BritBase"]
[Source "John Saunders"]
[SourceDate "2025.02.20"]
[SourceVersion "1"]
[SourceVersionDate "2025.02.20"]
[SourceQuality "1"]

1. d4 d5 2. Nc3 Nf6 3. Bf4 e6 4. Nb5 Na6 5. e3 c6 6. Nc3 Qa5 7. Bd3 c5 8. dxc5 Bd7 9. Nf3 Nxc5 10. O-O Be7 11. Ne5 O-O 12. a3 Nxd3 13. cxd3 Rac8 14. Qb3 Bc6 15. h3 Nd7 16. Nxd7 Bxd7 17. Qxb7 Rfd8 18. Rfc1 Bf6 19. b4 Qb6 20. Qxb6 axb6 21. d4 Rc4 22. Ne2 Rdc8 23. Rxc4 Rxc4 24. Rc1 Bb5 25. Nc3 Kf8 26. f3 h6 27. Kf2 g5 28. Bg3 Bg7 29. Ne2 f5 30. Bc7 f4 31. Rxc4 Bxc4 32. Bxb6 fxe3+ 33. Kxe3 Ke8 34. g3 e5 35. dxe5 Bxe5 36. f4 Bf6 37. fxg5 hxg5 38. a4 Kd7 39. Bd4 Be7 40. Bc3 Kc7 41. Be1 Kb6 42. Nd4 Bd6 43. h4 Be5 44. hxg5 Kc7 45. g6 Kb6 46. Nf5 1-0

[Event "GBR-ch110 Major Open"]
[Site "Hull"]
[Date "2024.07.29"]
[Round "3.38"]
[White "Schell, Finn"]
[Black "Ewart, Thomas"]
[Result "1-0"]
[WhiteElo "1887"]
[BlackElo "1550"]
[PlyCount "43"]
[EventDate "2024.07.27"]
[EventType "swiss"]
[EventRounds "9"]
[EventCountry "GBR"]
[SourceTitle "BritBase"]
[Source "John Saunders"]
[SourceDate "2025.02.20"]
[SourceVersion "1"]
[SourceVersionDate "2025.02.20"]
[SourceQuality "1"]

1. e4 e5 2. Nf3 Nc6 3. Bb5 a6 4. Ba4 Nf6 5. d3 b5 6. Bb3 Bc5 7. Nc3 O-O 8. Nd5 h6 9. c3 d6 10. Nxf6+ Qxf6 11. Bd5 Bb7 12. g4 Qe7 13. b4 Bb6 14. g5 h5 15. g6 Nd8 16. gxf7+ Kh8 17. Bg5 Qd7 18. Nxe5 Qh3 19. Ng6+ Kh7 20. Nxf8+ Kh8 21. Ng6+ Kh7 22. f8=N# 1-0

[Event "GBR-ch110 Major Open"]
[Site "Hull"]
[Date "2024.07.29"]
[Round "3.39"]
[White "Buffard, Julien"]
[Black "Welling, Zac"]
[Result "0-1"]
[WhiteElo "1665"]
[BlackElo "1887"]
[PlyCount "70"]
[EventDate "2024.07.27"]
[EventType "swiss"]
[EventRounds "9"]
[EventCountry "GBR"]
[SourceTitle "BritBase"]
[Source "John Saunders"]
[SourceDate "2025.02.20"]
[SourceVersion "1"]
[SourceVersionDate "2025.02.20"]
[SourceQuality "1"]

1. e4 c5 2. Nf3 d6 3. d4 cxd4 4. Nxd4 Nf6 5. Nc3 a6 6. Bg5 Nbd7 7. f4 h6 8. Bh4 e5 9. fxe5 dxe5 10. Nf5 Qc7 11. Qf3 b5 12. O-O-O b4 13. Nd5 Nxd5 14. exd5 Bb7 15. Kb1 g6 16. Ne3 Bg7 17. g4 Rc8 18. Bc4 O-O 19. Qf2 e4 20. Be7 Qe5 21. c3 Qxe7 22. d6 Qd8 23. cxb4 Qb6 24. Qf4 Qxb4 25. Bb3 Nc5 26. Nc2 Qb6 27. Qe3 Nd7 28. Qxb6 Nxb6 29. Ne3 Rcd8 30. Rhf1 Be5 31. h4 Rxd6 32. Rxd6 Bxd6 33. h5 Kg7 34. Nf5+ gxf5 35. gxf5 Kf6 0-1

[Event "GBR-ch110 Major Open"]
[Site "Hull"]
[Date "2024.07.29"]
[Round "3.40"]
[White "Lewis, Christopher D"]
[Black "Borissow, Alastair"]
[Result "1-0"]
[WhiteElo "1885"]
[BlackElo "1532"]
[PlyCount "81"]
[EventDate "2024.07.27"]
[EventType "swiss"]
[EventRounds "9"]
[EventCountry "GBR"]
[SourceTitle "BritBase"]
[Source "John Saunders"]
[SourceDate "2025.02.20"]
[SourceVersion "1"]
[SourceVersionDate "2025.02.20"]
[SourceQuality "1"]

1. e4 Nc6 2. d4 d5 3. e5 Bf5 4. c3 a6 5. Bd3 Bxd3 6. Qxd3 e6 7. Ne2 Be7 8. Qg3 g6 9. O-O Qd7 10. b4 f6 11. Re1 O-O-O 12. a4 fxe5 13. dxe5 Bxb4 14. cxb4 Nxb4 15. Qb3 Nc6 16. Bf4 Nge7 17. Nd2 d4 18. Rab1 b6 19. Rec1 Qd5 20. Qb2 g5 21. Bxg5 Rhg8 22. Nf4 Qxe5 23. Bxe7 Nxe7 24. Qxb6 Kd7 25. Qxe6+ Qxe6 26. Nxe6 Kxe6 27. Rxc7 Rc8 28. Re1+ Kd6 29. Rcxe7 Rc2 30. R7e6+ Kd7 31. Nb3 d3 32. R6e3 d2 33. Rd3+ Kc7 34. Rxd2 Rxd2 35. Nxd2 Rd8 36. Nb3 Rd3 37. Nc5 Rd6 38. Nxa6+ Rxa6 39. Re7+ Kb8 40. Rxh7 Rxa4 41. h4 1-0

[Event "GBR-ch110 Major Open"]
[Site "Hull"]
[Date "2024.07.29"]
[Round "3.41"]
[White "Guarnieri, Federico"]
[Black "Zhao, George"]
[Result "0-1"]
[WhiteElo "1572"]
[BlackElo "2034"]
[PlyCount "50"]
[EventDate "2024.07.27"]
[EventType "swiss"]
[EventRounds "9"]
[EventCountry "GBR"]
[SourceTitle "BritBase"]
[Source "John Saunders"]
[SourceDate "2025.02.20"]
[SourceVersion "1"]
[SourceVersionDate "2025.02.20"]
[SourceQuality "1"]

1. d4 e6 2. c4 Nf6 3. Nc3 Bb4 4. f3 c5 5. d5 d6 6. e4 Bxc3+ 7. bxc3 O-O 8. Bd3 Nbd7 9. Ne2 h6 10. h4 Ne5 11. f4 Nxd3+ 12. Qxd3 exd5 13. e5 dxc4 14. Qxc4 Be6 15. Qb5 dxe5 16. fxe5 Nd7 17. Bf4 Bd5 18. O-O-O Bc6 19. Qc4 b5 20. Qb3 a5 21. Rd6 Rc8 22. Ng3 c4 23. Qc2 Qe8 24. Re1 Nc5 25. Qf5 Bd7 0-1

[Event "GBR-ch110 Major Open"]
[Site "Hull"]
[Date "2024.07.29"]
[Round "3.42"]
[White "Bedi, Adam"]
[Black "Cawston, M John"]
[Result "1-0"]
[WhiteElo "1903"]
[BlackElo "1776"]
[PlyCount "93"]
[EventDate "2024.07.27"]
[EventType "swiss"]
[EventRounds "9"]
[EventCountry "GBR"]
[SourceTitle "BritBase"]
[Source "John Saunders"]
[SourceDate "2025.02.20"]
[SourceVersion "1"]
[SourceVersionDate "2025.02.20"]
[SourceQuality "1"]

1. d4 d5 2. c4 e5 3. dxe5 d4 4. Nf3 Nc6 5. a3 Nge7 6. b4 Ng6 7. Bb2 Ncxe5 8. Qxd4 Qxd4 9. Bxd4 Nxc4 10. e3 Nd6 11. h4 h5 12. Nbd2 Be6 13. Rc1 c6 14. Ng5 Bd7 15. Bb2 f6 16. Ngf3 O-O-O 17. b5 Kb8 18. bxc6 Bxc6 19. Nd4 Bd7 20. Be2 Ne5 21. O-O Be7 22. N2f3 Nxf3+ 23. Nxf3 Bc6 24. Rxc6 bxc6 25. Nd4 Rc8 26. Ba6 c5 27. Bxc8 Rxc8 28. Ne6 Nc4 29. Bc3 Nxa3 30. Nxg7 Nb5 31. Rb1 a6 32. Nxh5 Rc6 33. Nf4 Ka7 34. Ba5 c4 35. Nd5 Ba3 36. Nc3 Nxc3 37. Bxc3 f5 38. Kf1 a5 39. Ke2 Be7 40. Ra1 Ra6 41. h5 Bb4 42. Bxb4 axb4 43. Rxa6+ Kxa6 44. h6 b3 45. Kd2 b2 46. Kc2 c3 47. h7 1-0

[Event "GBR-ch110 Major Open"]
[Site "Hull"]
[Date "2024.07.29"]
[Round "3.43"]
[White "Chantrell, Paul"]
[Black "Sheikh, Anum"]
[Result "0-1"]
[WhiteElo "1735"]
[BlackElo "1862"]
[PlyCount "76"]
[EventDate "2024.07.27"]
[EventType "swiss"]
[EventRounds "9"]
[EventCountry "GBR"]
[SourceTitle "BritBase"]
[Source "John Saunders"]
[SourceDate "2025.02.20"]
[SourceVersion "1"]
[SourceVersionDate "2025.02.20"]
[SourceQuality "1"]

1. e4 c5 2. Nf3 e6 3. d4 cxd4 4. Nxd4 Nc6 5. Nc3 Qc7 6. Be2 a6 7. a3 Nf6 8. O-O Be7 9. Be3 d6 10. f4 Bd7 11. Qe1 b5 12. Bf3 Rb8 13. Nxc6 Bxc6 14. Rf2 O-O 15. Re2 Rfd8 16. g4 d5 17. exd5 Nxd5 18. Nxd5 Bxd5 19. Bxd5 Rxd5 20. Rd1 Rbd8 21. Rxd5 Rxd5 22. Rd2 Qd7 23. Qd1 Bc5 24. Bxc5 Rxd2 25. Qf3 Qd5 26. Qxd5 exd5 27. c3 Rxb2 28. h4 f6 29. Bb4 Kf7 30. h5 g6 31. hxg6+ Kxg6 32. Kf1 f5 33. g5 Kh5 34. Bd6 Kg4 35. Ke1 Kf3 36. Kd1 Rf2 37. Kc1 Ke4 38. Kd1 Rxf4 0-1

[Event "GBR-ch110 Major Open"]
[Site "Hull"]
[Date "2024.07.29"]
[Round "3.44"]
[White "Storey, Cameron"]
[Black "Bates, Hubert"]
[Result "0-1"]
[WhiteElo "1860"]
[BlackElo "1750"]
[PlyCount "50"]
[EventDate "2024.07.27"]
[EventType "swiss"]
[EventRounds "9"]
[EventCountry "GBR"]
[SourceTitle "BritBase"]
[Source "John Saunders"]
[SourceDate "2025.02.20"]
[SourceVersion "1"]
[SourceVersionDate "2025.02.20"]
[SourceQuality "1"]

1. e4 c5 2. a3 d6 3. Nc3 Nf6 4. Bc4 a6 5. d3 b5 6. Ba2 Nc6 7. f4 Bg4 8. Nge2 b4 9. Nd5 Nd4 10. Nxf6+ exf6 11. c3 Nxe2 12. Bd2 bxc3 13. bxc3 Ng3 14. Qxg4 Nxh1 15. Qh5 g6 16. Qd5 Ra7 17. f5 Qa8 18. Rb1 Qxd5 19. Bxd5 Bg7 20. Kf1 O-O 21. Kg1 gxf5 22. exf5 Re7 23. Be4 Rfe8 24. Kxh1 d5 25. Bf3 Bh6 0-1

[Event "GBR-ch110 Major Open"]
[Site "Hull"]
[Date "2024.07.29"]
[Round "3.45"]
[White "Kirupakaran, Vishnu"]
[Black "Sui, Yueyue"]
[Result "1/2-1/2"]
[WhiteElo "1852"]
[BlackElo "1749"]
[PlyCount "60"]
[EventDate "2024.07.27"]
[EventType "swiss"]
[EventRounds "9"]
[EventCountry "GBR"]
[SourceTitle "BritBase"]
[Source "John Saunders"]
[SourceDate "2025.02.20"]
[SourceVersion "1"]
[SourceVersionDate "2025.02.20"]
[SourceQuality "1"]

1. e4 e6 2. b3 d5 3. Bb2 d4 4. f4 c5 5. Nf3 Nf6 6. Bb5+ Bd7 7. Bxd7+ Nbxd7 8. Qe2 Be7 9. a4 Qc7 10. g3 Qc6 11. d3 Nb8 12. Ne5 Qc7 13. Nd2 Nfd7 14. Nxd7 Qxd7 15. O-O Nc6 16. Qh5 Nb4 17. Nc4 g6 18. Qe2 Nc6 19. f5 e5 20. Rf2 f6 21. Qd2 g5 22. Na5 h5 23. h3 Nxa5 24. Qxa5 b6 25. Qb5 Rb8 26. Bc1 a5 27. Qc4 Bf8 28. Bd2 Qf7 29. Qb5+ Qd7 30. Qc4 Qf7 1/2-1/2

[Event "GBR-ch110 Major Open"]
[Site "Hull"]
[Date "2024.07.29"]
[Round "3.46"]
[White "Berkley, Stephen W"]
[Black "Jacobs, Simon"]
[Result "1/2-1/2"]
[WhiteElo "1830"]
[BlackElo "1683"]
[PlyCount "49"]
[EventDate "2024.07.27"]
[EventType "swiss"]
[EventRounds "9"]
[EventCountry "GBR"]
[SourceTitle "BritBase"]
[Source "John Saunders"]
[SourceDate "2025.02.20"]
[SourceVersion "1"]
[SourceVersionDate "2025.02.20"]
[SourceQuality "1"]

1. d4 d5 2. c4 e6 3. Nc3 c5 4. cxd5 exd5 5. Nf3 Nc6 6. g3 Nf6 7. Bg2 Be7 8. O-O O-O 9. dxc5 Bxc5 10. Bg5 d4 11. Na4 Be7 12. Rc1 h6 13. Bxf6 Bxf6 14. Nc5 Qe7 15. Re1 Rd8 16. Qb3 b6 17. Qb5 Rd6 18. Nd3 Bb7 19. e3 dxe3 20. Rxe3 Qd7 21. Nfe5 Nxe5 22. Qxd7 Rxd7 23. Nxe5 Bxe5 24. Bxb7 Rxb7 25. Rxe5 1/2-1/2

[Event "GBR-ch110 Major Open"]
[Site "Hull"]
[Date "2024.07.29"]
[Round "3.47"]
[White "McBeath, Joel"]
[Black "Srivastava, Siddhartha Shankar"]
[Result "1-0"]
[WhiteElo "1806"]
[BlackElo "1595"]
[PlyCount "87"]
[EventDate "2024.07.27"]
[EventType "swiss"]
[EventRounds "9"]
[EventCountry "GBR"]
[SourceTitle "BritBase"]
[Source "John Saunders"]
[SourceDate "2025.02.20"]
[SourceVersion "1"]
[SourceVersionDate "2025.02.20"]
[SourceQuality "1"]

1. e4 e5 2. Nf3 Nc6 3. Bb5 a6 4. Ba4 Nf6 5. O-O Be7 6. Re1 b5 7. Bb3 d6 8. c3 O-O 9. h3 Nb8 10. d4 Nbd7 11. Nbd2 Bb7 12. Bc2 Re8 13. Nf1 Bf8 14. Ng3 g6 15. a4 Bg7 16. d5 Nb6 17. a5 Nc8 18. c4 c6 19. b3 Qc7 20. Be3 Ne7 21. Bb6 Qb8 22. Qd2 Nd7 23. Be3 Qc7 24. Rac1 Rac8 25. Bb1 Qb8 26. Bh6 Nf6 27. Nf5 Nxf5 28. exf5 e4 29. Nd4 cxd5 30. fxg6 hxg6 31. Bxg7 e3 32. Rxe3 Kxg7 33. Rg3 Re5 34. Nf5+ Rxf5 35. Bxf5 Rc5 36. cxb5 Rxb5 37. b4 d4 38. Qd3 Bd5 39. Bxg6 Kf8 40. Qxd4 Qd8 41. Bd3 Nh5 42. Qh8+ Ke7 43. Qxh5 Bc4 44. Qh4+ 1-0

[Event "GBR-ch110 Major Open"]
[Site "Hull"]
[Date "2024.07.29"]
[Round "3.48"]
[White "Twisk, Sebastian"]
[Black "Kapitanski, Furion"]
[Result "1-0"]
[WhiteElo "1802"]
[BlackElo "1581"]
[PlyCount "69"]
[EventDate "2024.07.27"]
[EventType "swiss"]
[EventRounds "9"]
[EventCountry "GBR"]
[SourceTitle "BritBase"]
[Source "John Saunders"]
[SourceDate "2025.02.20"]
[SourceVersion "1"]
[SourceVersionDate "2025.02.20"]
[SourceQuality "1"]

1. e4 e5 2. Nf3 Nc6 3. Bb5 Nf6 4. O-O Nxe4 5. d4 Nd6 6. Bxc6 dxc6 7. dxe5 Nf5 8. Qe2 Bc5 9. Nc3 O-O 10. Bf4 Be6 11. Ne4 Bb6 12. Bg5 Qc8 13. Rad1 h6 14. Bf4 Re8 15. h3 Ne7 16. c4 a6 17. c5 Ba7 18. Nd4 Nd5 19. Bg3 Bd7 20. a3 Qd8 21. f4 Qe7 22. b4 a5 23. f5 Qf8 24. e6 Bc8 25. Be5 f6 26. Bf4 Nxf4 27. Rxf4 axb4 28. axb4 Qe7 29. Rg4 Rd8 30. Rg6 Kh7 31. Qh5 Kh8 32. Nxf6 gxf6 33. Rxh6+ Kg8 34. Rh8+ Kg7 35. Qh6# 1-0